Electric machinery fundamentals (Record no. 1110)

000 -LEADER
fixed length control field 00674nam a22002294a 4500
001 - CONTROL NUMBER
control field 1110
003 - CONTROL NUMBER IDENTIFIER
control field BD-DhUET
008 - FIXED-LENGTH DATA ELEMENTS--GENERAL INFORMATION
fixed length control field 030923s2005 nyua b 001 0 eng
020 ## - INTERNATIONAL STANDARD BOOK NUMBER
International Standard Book Number 0071151559
040 ## - CATALOGING SOURCE
Original cataloging agency DLC
Transcribing agency DLC
Modifying agency BD-DhUET
082 00 - DEWEY DECIMAL CLASSIFICATION NUMBER
Classification number 623
Item number CHA/2005
100 1# - MAIN ENTRY--PERSONAL NAME
Personal name Chapman, Stephen J.
245 10 - TITLE STATEMENT
Title Electric machinery fundamentals
250 ## - EDITION STATEMENT
Edition statement 4th ed.
260 ## - PUBLICATION, DISTRIBUTION, ETC. (IMPRINT)
Place of publication, distribution, etc. Boston
Name of publisher, distributor, etc. McGraw-Hill
Date of publication, distribution, etc. 2005
300 ## - PHYSICAL DESCRIPTION
Extent xxii, 746p.
Other physical details ill.
Dimensions 24 cm.
500 ## - GENERAL NOTE
General note Includes bibliographies
650 #0 - SUBJECT ADDED ENTRY--TOPICAL TERM
Topical term or geographic name as entry element Electric engineering
856 41 - ELECTRONIC LOCATION AND ACCESS
Uniform Resource Identifier http://www.loc.gov/catdir/toc/mh041/2003065174.html
856 42 - ELECTRONIC LOCATION AND ACCESS
Uniform Resource Identifier http://www.loc.gov/catdir/description/mh041/2003065174.html
942 ## - ADDED ENTRY ELEMENTS (KOHA)
Koha item type General Book
Holdings
Sublocation or collection (holding branch) Withdrawn status Copy number Koha date last borrowed Price effective from Koha date last seen Source of classification or shelving scheme Lost status Not for loan Koha normalized classification for sorting Koha out on loan Koha issues (times borrowed) Koha full call number Koha renewals Piece designation (barcode) Date acquired Koha item type Location (home branch) Damaged status Shelving location
Central Library, BUET 12024-12-182014-08-302025-04-16   623_000000000000000_CHA_2005 15623/CHA/2005 1033332014-08-30General BookCentral Library, BUET Circulation section
Central Library, BUET 22026-03-302014-08-302026-04-15   623_000000000000000_CHA_2005 23623/CHA/2005 1033352014-08-30General BookCentral Library, BUET Circulation section
Central Library, BUET 32016-02-272014-08-302016-02-27   623_000000000000000_CHA_20052017-02-262623/CHA/2005 1033362014-08-30General BookCentral Library, BUET Circulation section
Central Library, BUET 42022-11-222014-08-302022-11-22   623_000000000000000_CHA_20052022-12-0611623/CHA/200511033372014-08-30General BookCentral Library, BUET Circulation section
Central Library, BUET 52025-12-012015-01-262025-12-01   623_000000000000000_CHA_20052025-12-1517623/CHA/2005 1033392015-01-26General BookCentral Library, BUET Circulation section
Central Library, BUET 62026-01-072015-12-302026-02-03   623_000000000000000_CHA_2005 25623/CHA/2005 1033402015-12-30General BookCentral Library, BUET Circulation section